000
00186nam a2200085 4500
001
1231378
005
20250918110445.0
245
_a
KIRMIZI ARABANIN HAYALETİ
_c
AYTÜL AKAL
260
_b
TUDEM
999
_c
1231378
_d
1231378